[Event "22nd WCh U20 Girls"]
[Site "Kochi IND"]
[Date "2004.11.24"]
[Round "8.14"]
[White "Iswarya Shobana, L."]
[Black "Ramya Krishna, Inapuri"]
[Result "0-1"]
[WhiteElo "2082"]
[BlackElo "2096"]
[EventDate "2004.11.20"]
[PlyCount "76"]

1.e4 e5 2.Nf3 Nc6 3.Nc3 Nf6 4.d4 Bb4 5.d5 Ne7 6.Bd3 d6 7.O-O O-O 8.Qe2 c6 
9.dxc6 bxc6 10.Nd1 Ng6 11.c3 Bc5 12.Be3 Bxe3 13.Nxe3 d5 14.Nc2 Qb6 15.g3 
Qxb2 16.Qd2 Qb6 17.Rfe1 Bg4 18.Kg2 dxe4 19.Bxe4 Rad8 20.Qe2 Nd5 21.Qc4 Be6
22.Bxd5 Bxd5 23.Qe2 e4 24.Nfd4 c5 25.Nf5 Qf6 26.Nce3 Ba8 27.c4 Ne5 28.Red1
Nd3 29.Kg1 Bc6 30.Rf1 Ne5 31.Nh4 g5 32.Ng4 Nxg4 33.Qxg4 Bd7 34.Qxe4 gxh4 
35.Rad1 Bc6 36.Qg4+ Kh8 37.f4 Rxd1 38.Rxd1 Rg8 0-1

[Event "22nd WCh U20 Girls"]
[Site "Kochi IND"]
[Date "2004.11.24"]
[Round "8.15"]
[White "Sandhya, N."]
[Black "Meenu, Rajendran"]
[Result "1/2-1/2"]
[WhiteElo "2113"]
[BlackElo "1979"]
[EventDate "2004.11.20"]
[PlyCount "112"]

1.e4 e5 2.Nf3 Nc6 3.Bb5 a6 4.Ba4 Nf6 5.O-O Be7 6.Re1 b5 7.Bb3 d6 8.c3 O-O 
9.h3 Be6 10.Bc2 d5 11.exd5 Nxd5 12.Qe2 Bf6 13.a4 g6 14.axb5 Nf4 15.Qf1 
axb5 16.Rxa8 Qxa8 17.Be4 Bf5 18.d3 Bxe4 19.dxe4 Qa4 20.Bxf4 exf4 21.e5 Be7
22.e6 fxe6 23.Rxe6 Bd6 24.Qd3 Kg7 25.Na3 b4 26.cxb4 Qxb4 27.Nc4 Rd8 28.Qe4
Qc5 29.b4 Qb5 30.Nh4 Ra8 31.Na5 Qxb4 32.Nxc6 Ra1+ 33.Kh2 f3+ 34.g3 Qc3 35.
Qd4+ Qxd4 36.Nxd4 Rf1 37.Nhxf3 Rxf2+ 38.Kg1 Bxg3 39.Rc6 Ra2 40.Ne6+ Kh6 
41.Nxc7 Bxc7 42.Rxc7 Re2 43.Rd7 Ra2 44.Rd1 Kh5 45.Rd5+ Kh6 46.Nd2 Kg7 47.
Kg2 Kf6 48.Kg3 Ra3+ 49.Nf3 h6 50.Rd6+ Kf5 51.Rd5+ Kf6 52.Kf4 Ra4+ 53.Rd4 
Ra6 54.Re4 Rb6 55.Ne5 Rb3 56.Ng4+ Kf7 1/2-1/2

[Event "22nd WCh U20 Girls"]
[Site "Kochi IND"]
[Date "2004.11.24"]
[Round "8.17"]
[White "Delphin, C."]
[Black "Brekke, Jorunn"]
[Result "1-0"]
[WhiteElo "1998"]
[BlackElo "1988"]
[EventDate "2004.11.20"]
[PlyCount "133"]

1.e4 e5 2.Nf3 Nc6 3.Bb5 a6 4.Bxc6 dxc6 5.O-O Bd6 6.d4 Bg4 7.dxe5 Bxf3 8.
Qxf3 Bxe5 9.c3 Ne7 10.Nd2 b5 11.Rd1 Qc8 12.Nb3 O-O 13.Nd4 c5 14.Nf5 Nxf5 
15.exf5 c6 16.Be3 c4 17.Bd4 Qc7 18.Bxe5 Qxe5 19.Qxc6 Qxf5 20.Qd7 Qxd7 21.
Rxd7 Rfd8 22.Rad1 Rxd7 23.Rxd7 g6 24.Kf1 h5 25.Ke2 Re8+ 26.Kd2 Re6 27.Rd4 
Rb6 28.b3 cxb3 29.axb3 Kf8 30.Rd7 Rf6 31.f3 Rc6 32.Kd3 Ke8 33.Rd4 Ke7 34.
c4 bxc4+ 35.Rxc4 Rb6 36.b4 Ke6 37.Re4+ Kd6 38.h4 f5 39.Rd4+ Ke5 40.f4+ Ke6
41.Rd8 Ke7 42.Rg8 Kf7 43.Rc8 Ke6 44.Kc4 Kf7 45.Ra8 Rc6+ 46.Kb3 Rb6 47.Ka4 
Kg7 48.Rc8 Kf7 49.Rc5 Rd6 50.Ka5 Rd4 51.g3 Rd6 52.Rc7+ Ke8 53.Ra7 Rd3 54.
Rxa6 Rxg3 55.b5 Ra3+ 56.Kb6 Rf3 57.Ra4 Kd8 58.Ka7 Rb3 59.b6 Kc8 60.Ra5 Rb1
61.Rc5+ Kd8 62.b7 Ra1+ 63.Kb6 Rb1+ 64.Kc6 Rb2 65.Rd5+ Ke8 66.Rb5 Rc2+ 67.
Kb6 1-0

[Event "22nd WCh U20 Girls"]
[Site "Kochi IND"]
[Date "2004.11.25"]
[Round "9.3"]
[White "Ushenina, Anna"]
[Black "Saheli, Nath"]
[Result "1-0"]
[WhiteElo "2370"]
[BlackElo "2130"]
[EventDate "2004.11.20"]
[PlyCount "75"]

1.d4 Nf6 2.c4 g6 3.Nc3 Bg7 4.e4 d6 5.f3 O-O 6.Nge2 e5 7.Bg5 c6 8.Qd2 Nbd7 
9.d5 Nb6 10.b3 cxd5 11.cxd5 a5 12.Nb5 a4 13.Rc1 axb3 14.axb3 h6 15.Be3 Ne8
16.Nc7 Nxc7 17.Bxb6 Qh4+ 18.g3 Qh5 19.Bxc7 Qxf3 20.Rg1 Qxb3 21.Qc3 Qa4 22.
Bxd6 Re8 23.Qb4 Qd7 24.Nc3 Rd8 25.Bc5 Kh7 26.Bg2 f5 27.Rf1 f4 28.h3 fxg3 
29.Rf3 Re8 30.Rxg3 Ra6 31.Kf1 Qd8 32.Kg1 Qh4 33.Rf3 Rf6 34.Be7 Qg5 35.Rc2 
Rxe7 36.Qxe7 Bxh3 37.Rxf6 Bxg2 38.Rf7 1-0

[Event "22nd WCh U20 Girls"]
[Site "Kochi IND"]
[Date "2004.11.25"]
[Round "9.4"]
[White "Motoc, Alina"]
[Black "Karavade, Eesha"]
[Result "0-1"]
[WhiteElo "2359"]
[BlackElo "2307"]
[EventDate "2004.11.20"]
[PlyCount "105"]

1.d4 Nf6 2.c4 g6 3.Nc3 d5 4.Bg5 Ne4 5.Bh4 Nxc3 6.bxc3 c5 7.cxd5 Qxd5 8.e3 
Bg7 9.Qf3 Qf5 10.Bb5+ Nd7 11.Qxf5 gxf5 12.Ne2 a6 13.Bd3 e6 14.O-O Nf6 15.
Bg3 Bd7 16.dxc5 Bc6 17.Nd4 Be4 18.Be2 Bh6 19.Bd6 Rg8 20.Bf3 Bxf3 21.Nxf3 
Ne4 22.c4 O-O-O 23.Rab1 Bf8 24.Bxf8 Rgxf8 25.c6 bxc6 26.Rb2 Kc7 27.Rfb1 
Nc5 28.g3 Rg8 29.Kg2 f6 30.h3 Rd6 31.Kh2 a5 32.Nd4 a4 33.Rc2 Rg5 34.h4 Rg8
35.Rb4 Rd7 36.Rcb2 a3 37.Rc2 Rgd8 38.Nb3 Nxb3 39.Rxb3 Rd3 40.Rcc3 Rd2 41.
Kg2 Rxa2 42.Rxa3 Rdd2 43.Rxa2 Rxa2 44.c5 Ra5 45.Kf3 h5 46.e4 fxe4+ 47.Kxe4
Ra4+ 48.Ke3 Ra1 49.f3 Kd7 50.Rd3+ Kc7 51.Rd6 Rc1 52.Rxe6 Re1+ 53.Kd4 0-1

[Event "22nd WCh U20 Girls"]
[Site "Kochi IND"]
[Date "2004.11.25"]
[Round "9.5"]
[White "Tania, Sachdev"]
[Black "Zhang Jilin"]
[Result "1/2-1/2"]
[WhiteElo "2256"]
[BlackElo "2287"]
[EventDate "2004.11.20"]
[PlyCount "234"]

1.d4 Nf6 2.c4 c5 3.d5 e6 4.Nc3 exd5 5.cxd5 d6 6.Nf3 g6 7.Nd2 Bg7 8.Nc4 O-O
9.Bg5 Qd7 10.a4 Na6 11.e3 Nb4 12.Bf4 b6 13.Be2 Bb7 14.e4 Ba6 15.O-O Rad8 
16.a5 Bxc4 17.Bxc4 Qe7 18.Re1 Nh5 19.Bg3 Nxg3 20.hxg3 Qe5 21.Re2 f5 22.
exf5 Qxf5 23.axb6 axb6 24.Nb5 Qg4 25.Qb3 Rf5 26.Rae1 Re5 27.Nxd6 Rxe2 28.
Bxe2 Qd4 29.Nc4 Qxd5 30.Qa4 Bd4 31.Nxb6 Qf5 32.Rf1 Kh8 33.Nc4 Qe6 34.Qd1 
Bxf2+ 35.Kxf2 Rxd1 36.Rxd1 Nc2 37.Bd3 Nd4 38.Re1 Qf6+ 39.Kg1 Qg5 40.Re3 
Kg7 41.Kf2 h5 42.Ne5 Qf6+ 43.Kg1 Qg5 44.Kf2 Nf5 45.Bxf5 Qxf5+ 46.Nf3 Kh6 
47.Re5 Qc2+ 48.Re2 Qd3 49.Rd2 Qf5 50.Kg1 g5 51.Rf2 Qe4 52.Kh2 Kg6 53.Rd2 
Kf5 54.Rd8 g4 55.Rf8+ Kg6 56.Nh4+ Kg7 57.Rf5 Qb4 58.Kh1 Qe1+ 59.Kh2 Qb4 
60.Kh1 c4 61.Rf4 Qb5 62.Nf5+ Kg6 63.Nh4+ Kg5 64.Kh2 Qd5 65.Rf8 Kh6 66.Rf6+
Kg7 67.Rf5 Qd4 68.Rf4 Qd3 69.Rf5 Qc2 70.Rf4 Qb3 71.Kh1 Kh6 72.Kh2 Kh7 73.
Rf7+ Kh6 74.Rf6+ Kg7 75.Rf4 Kg8 76.Nf5 Qd3 77.Nh4 Kg7 78.Kh1 Qc2 79.Kh2 
Kh6 80.Rf6+ Kg7 81.Rf4 Kg8 82.Kh1 Qd1+ 83.Kh2 Qd3 84.Rf5 Kg7 85.Rf4 Qe2 
86.Nf5+ Kg6 87.Nh4+ Kg5 88.Rf5+ Kh6 89.Rf6+ Kg7 90.Rf4 Qc2 91.Nf5+ Kg6 92.
Nh4+ Kg5 93.Kh1 Qb1+ 94.Kh2 Qd3 95.Rf8 Qd2 96.Rf5+ Kh6 97.Rf4 Qc1 98.Rd4 
Kg7 99.Rf4 Kg8 100.Rf2 Qe1 101.Rf4 Qb4 102.Kh1 Qc5 103.Kh2 Kh7 104.Rf7+ 
Kh6 105.Rf6+ Kg7 106.Rf5 Qb6 107.Rf4 Qb4 108.Rf2 Qe1 109.Rf4 Qe2 110.Nf5+ 
Kg6 111.Nh4+ Kg5 112.Rf5+ Kh6 113.Rf4 Qc2 114.Rf6+ Kh7 115.Rf4 Qb3 116.
Rf7+ Kh6 117.Rf6+ Kg7 1/2-1/2

[Event "22nd WCh U20 Girls"]
[Site "Kochi IND"]
[Date "2004.11.25"]
[Round "9.6"]
[White "Aketaeva, Dana"]
[Black "Bensdorp, Marlies"]
[Result "1-0"]
[WhiteElo "2223"]
[BlackElo "2214"]
[EventDate "2004.11.20"]
[PlyCount "111"]

1.e4 e6 2.d3 d5 3.Nd2 Nf6 4.Ngf3 c5 5.Be2 Nc6 6.c3 Be7 7.O-O O-O 8.a3 a5 
9.a4 b6 10.Re1 Ba6 11.Qc2 Rc8 12.Bf1 Qc7 13.Nb1 Rfd8 14.e5 Nd7 15.Bf4 Nf8 
16.Bg3 Qd7 17.Nbd2 h6 18.h4 Qb7 19.h5 Rb8 20.b3 Rbc8 21.Nh2 b5 22.axb5 
Bxb5 23.Qd1 Ra8 24.Qg4 Nb8 25.Bf4 Kh8 26.Re3 f5 27.Qf3 Bc6 28.Qd1 d4 29.
cxd4 Rxd4 30.g3 a4 31.bxa4 Raxa4 32.Rxa4 Bxa4 33.Qa1 Be8 34.Qd1 Qb4 35.Qe2
Qb2 36.Qd1 Ba4 37.Qe1 Qb4 38.Nc4 Qxe1 39.Rxe1 Nc6 40.Ra1 Bc2 41.Nf3 Rd7 
42.Ne1 Bb3 43.Rb1 Nd4 44.Be3 Ba4 45.Rb8 Bd1 46.Ng2 Bxh5 47.Nf4 Bf7 48.Nb6 
Rd8 49.Rb7 Re8 50.Bg2 Bd8 51.Nc8 g5 52.Bxd4 cxd4 53.Nd6 Re7 54.Nxf7+ Rxf7 
55.Rxf7 Kg8 56.Rxf8+ 1-0

[Event "22nd WCh U20 Girls"]
[Site "Kochi IND"]
[Date "2004.11.25"]
[Round "9.7"]
[White "Majdan, Joanna"]
[Black "Ghaderpour, Shayesteh"]
[Result "1-0"]
[WhiteElo "2219"]
[BlackElo "2025"]
[EventDate "2004.11.20"]
[PlyCount "117"]

1.e4 c5 2.Nf3 d6 3.d4 cxd4 4.Nxd4 Nf6 5.Nc3 a6 6.Be2 e5 7.Nb3 Be7 8.Bg5 
Nbd7 9.a4 b6 10.Bc4 Bb7 11.Qe2 O-O 12.O-O h6 13.Bxf6 Nxf6 14.Rfd1 Qc7 15.
Nd5 Bxd5 16.Bxd5 Nxd5 17.Rxd5 Rfc8 18.c3 Qc6 19.a5 b5 20.Nd2 Rab8 21.g3 
Re8 22.Qd3 Red8 23.h4 Rbc8 24.Kg2 Qc7 25.Nf1 Qc4 26.Ne3 Qxd3 27.Rxd3 Bf8 
28.f3 g6 29.h5 Rb8 30.Nd5 Kg7 31.Kf2 Rdc8 32.Ke3 Rc4 33.b3 Rcc8 34.Kd2 Rb7
35.Kc2 f5 36.hxg6 Kxg6 37.Ne3 f4 38.gxf4 exf4 39.Nd5 Rf7 40.Rg1+ Kh7 41.
Rg4 h5 42.Rh4 Bh6 43.Rxh5 Kg6 44.Rf5 Bg5 45.Rxf7 Kxf7 46.Nb4 Ke6 47.Nd5 
Bd8 48.Nxf4+ Ke5 49.Ng6+ Ke6 50.b4 Bg5 51.f4 Bd8 52.f5+ Kd7 53.e5 Rc6 54.
e6+ Ke8 55.Rh3 Bf6 56.Nf4 d5 57.Nxd5 Be5 58.Rh7 Rd6 59.Nc7+ 1-0

[Event "22nd WCh U20 Girls"]
[Site "Kochi IND"]
[Date "2004.11.25"]
[Round "9.11"]
[White "Mijovic, Aleksandra"]
[Black "Perez Rodriguez, Jennifer"]
[Result "0-1"]
[WhiteElo "2152"]
[BlackElo "2162"]
[EventDate "2004.11.20"]
[PlyCount "90"]

1.e4 e5 2.Nf3 Nf6 3.Nxe5 d6 4.Nf3 Nxe4 5.d4 d5 6.Bd3 Bd6 7.O-O O-O 8.c4 c6
9.Bxe4 dxe4 10.Ng5 Bf5 11.Nc3 Re8 12.c5 Bf8 13.Re1 Na6 14.Ngxe4 Bxe4 15.
Nxe4 Qd5 16.Nd6 Bxd6 17.Rxe8+ Rxe8 18.cxd6 Qxd6 19.Be3 Nb4 20.Qb3 Qe7 21.
Qa3 h6 22.Rc1 Nd5 23.Qxe7 Rxe7 24.Re1 Nb4 25.Kf1 f5 26.a3 Nd5 27.Bd2 Rxe1+
28.Kxe1 Kf7 29.Ke2 Ke6 30.Kd3 Nf6 31.f3 Kd5 32.b3 Nh7 33.h3 Nf8 34.g4 Ne6 
35.Be3 f4 36.Bd2 Nxd4 37.Bxf4 Nxf3 38.Bb8 a6 39.Ba7 c5 40.Bb8 Ng5 41.h4 
Nf3 42.Ke3 Nxh4 43.Kf4 Ng6+ 44.Kf5 Ne7+ 45.Kf4 b5 0-1

[Event "22nd WCh U20 Girls"]
[Site "Kochi IND"]
[Date "2004.11.25"]
[Round "9.12"]
[White "Gutierrez Castillo, Paloma"]
[Black "Chandra, Koneru"]
[Result "0-1"]
[WhiteElo "2119"]
[BlackElo "2107"]
[EventDate "2004.11.20"]
[PlyCount "56"]

1.e4 c5 2.Nf3 d6 3.d4 cxd4 4.Nxd4 Nf6 5.Nc3 a6 6.Be2 e5 7.Nb3 Be7 8.O-O 
O-O 9.Re1 Be6 10.Bf1 Qc7 11.Nd5 Nxd5 12.exd5 Bf5 13.c3 Bg6 14.a4 b6 15.a5 
b5 16.f4 Bf6 17.Be3 Nd7 18.Qf3 exf4 19.Bxf4 Ne5 20.Qg3 Qb7 21.Bxe5 dxe5 
22.c4 bxc4 23.Bxc4 Rfc8 24.Rac1 e4 25.Re2 Qb4 26.Rec2 e3 27.Qg4 Bxc2 28.
Rxc2 e2 0-1

[Event "22nd WCh U20 Girls"]
[Site "Kochi IND"]
[Date "2004.11.25"]
[Round "9.13"]
[White "Meenu, Rajendran"]
[Black "Stiri, Alexandra"]
[Result "1/2-1/2"]
[WhiteElo "1979"]
[BlackElo "2201"]
[EventDate "2004.11.20"]
[PlyCount "89"]

1.e4 c5 2.Nc3 e6 3.f4 a6 4.a4 d5 5.d3 Nc6 6.Nf3 Nf6 7.e5 Nd7 8.g3 Rb8 9.
Bg2 b5 10.axb5 axb5 11.O-O Be7 12.Qe1 Qc7 13.Bd2 O-O 14.Bh3 Nd4 15.Qd1 
Nxf3+ 16.Rxf3 b4 17.Ne2 Bb7 18.Rf1 d4 19.Bg2 Bxg2 20.Kxg2 f6 21.exf6 Bxf6 
22.Ng1 e5 23.Qf3 Kh8 24.Qe4 Qb6 25.fxe5 Bxe5 26.Rxf8+ Rxf8 27.Nf3 Bb8 28.
Re1 Nf6 29.Qe6 Qb7 30.Qe7 Nd7 31.Qe4 Qb5 32.Bg5 Bd6 33.Qd5 Qb8 34.Be7 Bxe7
35.Rxe7 Nf6 36.Qb7 Qxb7 37.Rxb7 Nd5 38.Kf2 h6 39.Rd7 Ne3 40.Rc7 Nxc2 41.
Rxc5 Ne1 42.Kxe1 Rxf3 43.Ke2 Re3+ 44.Kd2 Rf3 45.Ke2 1/2-1/2

[Event "22nd WCh U20 Girls"]
[Site "Kochi IND"]
[Date "2004.11.25"]
[Round "9.14"]
[White "Sivasankari, P."]
[Black "Delphin, C."]
[Result "1/2-1/2"]
[WhiteElo "2112"]
[BlackElo "1998"]
[EventDate "2004.11.20"]
[PlyCount "72"]

1.d4 d5 2.c4 e6 3.Nc3 Nf6 4.Bg5 Be7 5.e3 O-O 6.Nf3 h6 7.Bh4 Ne4 8.Bxe7 
Qxe7 9.Qc2 Nxc3 10.bxc3 Nd7 11.Bd3 c6 12.O-O dxc4 13.Bxc4 e5 14.e4 exd4 
15.cxd4 Nf6 16.Rfe1 Rd8 17.h3 Be6 18.Bxe6 Qxe6 19.Rad1 Rac8 20.Qb3 b5 21.
Ne5 Nd7 22.Nf3 Nf6 23.Qa3 a5 24.Ne5 a4 25.f4 Qd6 26.Qe3 Nd7 27.Nxd7 Rxd7 
28.d5 cxd5 29.exd5 Qc5 30.d6 Qxe3+ 31.Rxe3 Rc6 32.Red3 b4 33.Kh2 b3 34.
axb3 axb3 35.Rxb3 Rcxd6 36.Rxd6 Rxd6 1/2-1/2

[Event "22nd WCh U20 Girls"]
[Site "Kochi IND"]
[Date "2004.11.25"]
[Round "9.15"]
[White "Hodova, Lucie"]
[Black "Van Weersel, Arlette"]
[Result "0-1"]
[WhiteElo "2118"]
[BlackElo "2184"]
[EventDate "2004.11.20"]
[PlyCount "76"]

1.e4 e5 2.Nf3 Nc6 3.Bb5 a6 4.Ba4 Nf6 5.O-O Be7 6.Re1 b5 7.Bb3 O-O 8.h3 Bb7
9.d3 d6 10.a3 Na5 11.Ba2 c5 12.Nbd2 Nc6 13.c3 Qd7 14.Nf1 d5 15.Bg5 dxe4 
16.dxe4 Rad8 17.Qe2 c4 18.Rad1 Qe6 19.Bb1 Nd7 20.Ne3 f6 21.Bh4 Nc5 22.Nd5 
Rd7 23.Nh2 Rfd8 24.Nf1 Na5 25.Nfe3 Nab3 26.Qf3 Na4 27.Nf5 Bf8 28.Qg4 Kh8 
29.Re3 Nxb2 30.Rde1 Bxd5 31.exd5 Rxd5 32.Be4 R5d7 33.Rg3 Nd2 34.Bc2 Nd3 
35.Qh5 Qf7 36.Qg4 h5 37.Qe2 Nxe1 38.Qxe1 Nb3 0-1

[Event "22nd WCh U20 Girls"]
[Site "Kochi IND"]
[Date "2004.11.25"]
[Round "9.17"]
[White "Brekke, Jorunn"]
[Black "Iswarya Shobana, L."]
[Result "1/2-1/2"]
[WhiteElo "1988"]
[BlackElo "2082"]
[EventDate "2004.11.20"]
[PlyCount "41"]

1.d4 Nf6 2.c4 g6 3.Nc3 Bg7 4.e4 d6 5.f3 O-O 6.Be3 Nbd7 7.Bd3 c5 8.Nge2 a6 
9.O-O Rb8 10.Rb1 b6 11.b4 Bb7 12.Nd5 e6 13.Nxf6+ Bxf6 14.a3 Qc7 15.Rc1 
Rbd8 16.Qd2 Bg7 17.Bh6 Nf6 18.Bxg7 Kxg7 19.Qe3 Qe7 20.Rb1 Bc8 21.Rb2 
1/2-1/2

[Event "22nd WCh U20 Girls"]
[Site "Kochi IND"]
[Date "2004.11.26"]
[Round "10.3"]
[White "Vinuthna, N."]
[Black "Ushenina, Anna"]
[Result "1/2-1/2"]
[WhiteElo "2229"]
[BlackElo "2370"]
[EventDate "2004.11.20"]
[PlyCount "97"]

1.e4 e6 2.d4 d5 3.Nd2 dxe4 4.Nxe4 Nd7 5.Nf3 Be7 6.Bd3 Ngf6 7.Nxf6+ Bxf6 8.
O-O O-O 9.c3 c5 10.Qc2 g6 11.Bf4 Qe7 12.Rfe1 cxd4 13.cxd4 Nb6 14.Be4 Qd7 
15.Rac1 Nd5 16.Be5 Bd8 17.Qd2 b6 18.h4 f6 19.Bg3 Bb7 20.Bd3 a6 21.Qe2 Re8 
22.Nd2 f5 23.Nf3 b5 24.h5 Nf6 25.hxg6 hxg6 26.Be5 Ng4 27.Red1 Bb6 28.Nh2 
Nxe5 29.dxe5 Qe7 30.Nf3 Kg7 31.Rc3 Red8 32.Bc2 Rxd1+ 33.Qxd1 Rd8 34.Rd3 
Rxd3 35.Qxd3 Be4 36.Qe2 Bc6 37.Qd3 Qc5 38.Qe2 Qe7 39.Qd3 g5 40.Bb3 Be4 41.
Qd2 g4 42.Nd4 Bxd4 43.Qxd4 Qc7 44.Qd6 Qc1+ 45.Kh2 Qf4+ 46.Kg1 Qc1+ 47.Kh2 
Qh6+ 48.Kg1 Qc1+ 49.Kh2 1/2-1/2

[Event "22nd WCh U20 Girls"]
[Site "Kochi IND"]
[Date "2004.11.26"]
[Round "10.5"]
[White "Saheli, Nath"]
[Black "Majdan, Joanna"]
[Result "0-1"]
[WhiteElo "2130"]
[BlackElo "2219"]
[EventDate "2004.11.20"]
[PlyCount "100"]

1.e4 c5 2.Nf3 Nc6 3.d4 cxd4 4.Nxd4 e5 5.Nb5 d6 6.c4 Be7 7.N1c3 a6 8.Na3 
Be6 9.Be2 Bg5 10.O-O Bxc1 11.Rxc1 Nf6 12.Nc2 O-O 13.Qd2 Qb6 14.b3 Rfd8 15.
Rfd1 Rac8 16.Nd5 Bxd5 17.exd5 Ne7 18.Qe3 Qa5 19.a3 b5 20.f4 Nf5 21.Qd3 
Qb6+ 22.Kf1 g6 23.fxe5 dxe5 24.g4 bxc4 25.bxc4 e4 26.Qh3 Ne7 27.Qe3 Qd6 
28.Kg2 Re8 29.Nb4 Nd7 30.Qg3 Qf6 31.Rf1 Qg7 32.Nxa6 Qb2 33.Qf2 Rf8 34.Qe3 
f5 35.d6 Nc6 36.gxf5 Nd4 37.Rf2 Nxf5 38.Qc3 Qb7 39.c5 e3+ 40.Kh3 exf2 41.
c6 Qb6 42.Bc4+ Rf7 43.cxd7 Rxc4 44.Qxc4 Qe3+ 45.Kg2 Nh4+ 46.Kf1 Qh3+ 47.
Ke2 f1=Q+ 48.Rxf1 Qxf1+ 49.Kd2 Qxc4 50.d8=Q+ Rf8 0-1

[Event "22nd WCh U20 Girls"]
[Site "Kochi IND"]
[Date "2004.11.26"]
[Round "10.6"]
[White "Perez Rodriguez, Jennifer"]
[Black "Kavitha, J. E."]
[Result "1-0"]
[WhiteElo "2162"]
[BlackElo "2088"]
[EventDate "2004.11.20"]
[PlyCount "155"]

1.e4 c5 2.c3 d5 3.exd5 Qxd5 4.d4 Nf6 5.Nf3 e6 6.Bd3 cxd4 7.cxd4 Nc6 8.Nc3 
Qd6 9.a3 Be7 10.O-O O-O 11.Be3 b6 12.Qe2 Bb7 13.Rad1 Rad8 14.Bb1 Qb8 15.
Ng5 Bd6 16.f4 g6 17.Nce4 Nxe4 18.Nxe4 Be7 19.Ng5 Bf6 20.Qf2 Ne7 21.Ne4 Bg7
22.Ng3 Qa8 23.Rd2 Rd7 24.Rfd1 Rfd8 25.Ne2 Nd5 26.Nc3 Nf6 27.h3 Qb8 28.Bc2 
Ba8 29.Ba4 Re7 30.Qh4 a6 31.f5 b5 32.Bg5 bxa4 33.Bxf6 Bxf6 34.Qxf6 Ree8 
35.fxg6 hxg6 36.Qe5 Qb7 37.Re1 Qd7 38.Rf1 Qd6 39.Qf6 Qe7 40.Qxe7 Rxe7 41.
Nxa4 Kg7 42.Nb6 Be4 43.Re1 Bd5 44.Rc1 Rb7 45.Nxd5 Rxd5 46.Kf2 Rbd7 47.Ke3 
Kf6 48.Rc6 R5d6 49.Rxd6 Rxd6 50.Kd3 Ke7 51.Kc3 Kd7 52.b4 Rc6+ 53.Kb3 Rd6 
54.a4 Kc6 55.Kc4 Kb6 56.Rf2 Rd7 57.Rf6 Rc7+ 58.Kd3 Kc6 59.Rf2 Kd5 60.Rb2 
Rc4 61.b5 Rxd4+ 62.Ke3 Re4+ 63.Kf3 Rc4 64.b6 Rc8 65.a5 Re8 66.Rc2 f6 67.
Rc7 Kd6 68.Ra7 Rc8 69.Rxa6 Rc5 70.b7+ Kc7 71.Rb6 Kb8 72.a6 Ra5 73.Rxe6 
Ra3+ 74.Kf2 Ra2+ 75.Kg1 Ra1+ 76.Kh2 Rb1 77.Rxf6 g5 78.Rf8+ 1-0

[Event "22nd WCh U20 Girls"]
[Site "Kochi IND"]
[Date "2004.11.26"]
[Round "10.7"]
[White "Raghavi, Nagarajan"]
[Black "Motoc, Alina"]
[Result "0-1"]
[WhiteElo "2117"]
[BlackElo "2359"]
[EventDate "2004.11.20"]
[PlyCount "129"]

1.e4 c5 2.Nf3 d6 3.c3 Nf6 4.Bd3 Nc6 5.Bc2 Bg4 6.d3 Bxf3 7.Qxf3 g6 8.Nd2 
Bg7 9.O-O O-O 10.Qh3 b5 11.f4 b4 12.Nf3 bxc3 13.bxc3 Nd7 14.Bd2 Rb8 15.Bb3
Na5 16.f5 Nxb3 17.fxg6 fxg6 18.axb3 Nf6 19.Qe6+ Kh8 20.Rxa7 c4 21.Qxc4 d5 
22.exd5 Nxd5 23.d4 Rc8 24.Qd3 Qb6 25.Ra3 e5 26.Kh1 exd4 27.cxd4 Nb4 28.
Bxb4 Qxb4 29.Ra4 Qc3 30.Qxc3 Rxc3 31.Rb1 Rb8 32.h3 Bf8 33.Ng5 Kg8 34.Ra7 
Rd3 35.Rd7 h5 36.Ne4 Bg7 37.Nc5 Rc3 38.Ne6 Bf6 39.Rf1 Bh8 40.b4 Rb3 41.Nd8
R8xb4 42.Nc6 Rb7 43.Ne7+ Kh7 44.Rf7+ Bg7 45.Rxb7 Rxb7 46.d5 Rb6 47.h4 Kh8 
48.g3 Bd4 49.Rf4 Bc5 50.Re4 Kg7 51.Nc6 Rb1+ 52.Kg2 Rb2+ 53.Kh3 Rd2 54.Re5 
Bd6 55.Rg5 Kf6 56.Nd8 Bc5 57.Ne6 Bg1 58.g4 hxg4+ 59.Rxg4 Be3 60.Nf8 Rxd5 
61.Nxg6 Bh6 62.Kg3 Rd3+ 63.Kf2 Rd2+ 64.Kf3 Rd3+ 65.Ke4 0-1

[Event "22nd WCh U20 Girls"]
[Site "Kochi IND"]
[Date "2004.11.26"]
[Round "10.8"]
[White "Kruttika, Nadig"]
[Black "Gutsko, Anastasia"]
[Result "1/2-1/2"]
[WhiteElo "2182"]
[BlackElo "2272"]
[EventDate "2004.11.20"]
[PlyCount "73"]

1.e4 c6 2.d4 d5 3.exd5 cxd5 4.c4 Nf6 5.Nc3 e6 6.Nf3 Bb4 7.cxd5 Nxd5 8.Qc2 
Nc6 9.Be2 Be7 10.O-O O-O 11.Rd1 Bf6 12.Qe4 Nce7 13.Bd3 g6 14.Ne5 Bg7 15.
Qe2 b6 16.Nxd5 Nxd5 17.Qg4 Nf6 18.Qh4 Nd5 19.Qg4 Bb7 20.Bg5 Qd6 21.Bf4 
Nxf4 22.Qxf4 Rad8 23.Bc4 f6 24.Nd3 Qc6 25.d5 exd5 26.Bb3 Qd6 27.Qxd6 Rxd6 
28.Nf4 Rfd8 29.Nxd5 Bxd5 30.Rxd5 Rxd5 31.Rd1 f5 32.Bxd5+ Kf8 33.b3 Be5 34.
g3 f4 35.Kg2 Ke7 36.Kf3 Rf8 37.Ke4 1/2-1/2

[Event "22nd WCh U20 Girls"]
[Site "Kochi IND"]
[Date "2004.11.27"]
[Round "11.1"]
[White "Majdan, Joanna"]
[Black "Korbut, Ekaterina"]
[Result "1/2-1/2"]
[WhiteElo "2219"]
[BlackElo "2400"]
[EventDate "2004.11.20"]
[PlyCount "68"]

1.e4 c5 2.Nf3 Nc6 3.d4 cxd4 4.Nxd4 g6 5.c4 Nf6 6.Nc3 d6 7.Be2 Nxd4 8.Qxd4 
Bg7 9.Be3 O-O 10.Qd2 Be6 11.O-O Qa5 12.Rab1 Rfc8 13.b3 Ng4 14.Nd5 Qxd2 15.
Bxd2 Bxd5 16.exd5 Nf6 17.f3 a5 18.Rfe1 Nd7 19.Bf1 Bf6 20.Be3 b6 21.g3 Rc7 
22.a4 Rb8 23.Bf2 Kf8 24.h4 Bc3 25.Re2 Bb4 26.Kg2 Re8 27.Be3 Rcc8 28.Kh1 
Rc7 29.Bh3 Nc5 30.h5 Bc3 31.Kg2 Kg7 32.Rc2 Bf6 33.h6+ Kf8 34.Re2 e5 
1/2-1/2

[Event "22nd WCh U20 Girls"]
[Site "Kochi IND"]
[Date "2004.11.27"]
[Round "11.4"]
[White "Motoc, Alina"]
[Black "Zhang Jilin"]
[Result "0-1"]
[WhiteElo "2359"]
[BlackElo "2287"]
[EventDate "2004.11.20"]
[PlyCount "85"]

1.d4 Nf6 2.c4 c5 3.d5 e6 4.Nc3 exd5 5.cxd5 d6 6.e4 g6 7.h3 Bg7 8.Nf3 O-O 
9.Bd3 Na6 10.O-O Nc7 11.a4 a6 12.Bg5 Rb8 13.Rb1 h6 14.Bh4 Re8 15.Re1 b5 
16.axb5 axb5 17.e5 dxe5 18.Nxe5 Bb7 19.d6 Rxe5 20.Rxe5 Qxd6 21.Bg3 Qc6 22.
Bf1 Rc8 23.Re1 b4 24.Na4 Ne6 25.b3 Ne4 26.Rc1 Bd4 27.Nxc5 Bxc5 28.Kh2 Rd8 
29.Qf3 Nxg3 30.fxg3 Qxf3 31.gxf3 Bxf3 32.Rc2 Bd1 33.Rb2 Bd4 34.Ra2 Bxb3 
35.Ra5 Bc3 36.Re2 Bc4 37.Rf2 Bxf1 38.Rxf1 b3 39.Rb5 b2 40.Rb7 Nc5 41.Rb5 
Ne4 42.h4 Nd2 43.Kg2 0-1

[Event "22nd WCh U20 Girls"]
[Site "Kochi IND"]
[Date "2004.11.27"]
[Round "11.6"]
[White "Gutsko, Anastasia"]
[Black "Saheli, Nath"]
[Result "0-1"]
[WhiteElo "2272"]
[BlackElo "2130"]
[EventDate "2004.11.20"]
[PlyCount "110"]

1.e4 d6 2.d4 g6 3.Nc3 c6 4.a4 Bg7 5.Nf3 Nf6 6.Be2 O-O 7.O-O Nbd7 8.e5 Ne8 
9.Re1 Qc7 10.e6 fxe6 11.Ng5 Ndf6 12.Bf1 d5 13.Nxe6 Bxe6 14.Rxe6 Nd6 15.f3 
Nf5 16.Re1 Nd7 17.Ne2 e5 18.dxe5 Nxe5 19.a5 Nc4 20.c3 Nxa5 21.Nf4 Qb6+ 22.
Kh1 Rf7 23.Ra4 Nc4 24.Bxc4 dxc4 25.Rxc4 Rd8 26.Qc2 c5 27.Rce4 Qb5 28.Ne6 
Rdd7 29.Nxg7 Kxg7 30.Bf4 Nd6 31.Be5+ Kg8 32.Rg4 Nf5 33.c4 Qc6 34.Qc3 a6 
35.h4 b5 36.cxb5 axb5 37.h5 c4 38.Bh8 Rfe7 39.Rxe7 Rxe7 40.Bf6 Re3 41.Qb4 
Qxf6 42.Qxb5 Re1+ 43.Kh2 Qd6+ 44.f4 Ne3 45.Qe8+ Kg7 46.h6+ Kxh6 47.Rh4+ 
Kg7 48.Qc8 Nf5 49.Qxc4 Qf6 50.Rh3 Qxb2 51.Rb3 Qa1 52.Rb7+ Kh6 53.g4 Rh1+ 
54.Kg2 Qg1+ 55.Kf3 Qg3+ 0-1

[Event "22nd WCh U20 Girls"]
[Site "Kochi IND"]
[Date "2004.11.27"]
[Round "11.9"]
[White "Tania, Sachdev"]
[Black "Raghavi, Nagarajan"]
[Result "1-0"]
[WhiteElo "2256"]
[BlackElo "2117"]
[EventDate "2004.11.20"]
[PlyCount "67"]

1.d4 d5 2.c4 e6 3.Nc3 Be7 4.cxd5 exd5 5.Bf4 f5 6.e3 Nf6 7.Bd3 c6 8.Nf3 O-O
9.O-O Nh5 10.Be5 Nd7 11.Rb1 Qe8 12.Bc7 g6 13.b4 b5 14.a4 a6 15.Ne5 Ra7 16.
Nxc6 Rxc7 17.Nxe7+ Qxe7 18.Nxd5 Qd6 19.Nxc7 Qxc7 20.axb5 axb5 21.Bxb5 Ndf6
22.Qd3 Kh8 23.Rfc1 Qb8 24.Bc6 f4 25.Qb5 Qxb5 26.Bxb5 fxe3 27.fxe3 Ng4 28.
Rxc8 Rxc8 29.Bd7 Rc3 30.Bxg4 Rxe3 31.b5 Nf6 32.b6 Re8 33.b7 Rb8 34.Bf3 1-0

[Event "22nd WCh U20 Girls"]
[Site "Kochi IND"]
[Date "2004.11.27"]
[Round "11.11"]
[White "Delphin, C."]
[Black "Chandra, Koneru"]
[Result "1-0"]
[WhiteElo "1998"]
[BlackElo "2107"]
[EventDate "2004.11.20"]
[PlyCount "93"]

1.e4 c5 2.Nf3 d6 3.d4 cxd4 4.Nxd4 Nf6 5.Nc3 a6 6.Be2 e5 7.Nb3 Be7 8.Be3 
Be6 9.O-O O-O 10.Qd2 Nbd7 11.f4 Qc7 12.f5 Bc4 13.Bxc4 Qxc4 14.Qd3 Rac8 15.
Rad1 Rfd8 16.Rd2 Qxd3 17.Rxd3 b5 18.a3 h6 19.Rfd1 Kf8 20.h3 Ke8 21.Kf2 Nc5
22.Nxc5 dxc5 23.Rxd8+ Rxd8 24.Rxd8+ Kxd8 25.Kf3 Kd7 26.g4 Nh7 27.Nd5 c4 
28.Nxe7 Kxe7 29.h4 Kd6 30.Bd2 Kc5 31.Bb4+ Kc6 32.Bc3 Kd6 33.Bd2 Kd7 34.g5 
hxg5 35.hxg5 g6 36.Kg4 Kc6 37.Bc3 Kd6 38.b3 cxb3 39.cxb3 Kc5 40.Bxe5 Nf8 
41.Bc3 Nd7 42.Kf4 Kb6 43.e5 Nc5 44.Bd4 gxf5 45.Kxf5 Kc6 46.Bxc5 Kxc5 47.
Kf6 1-0